00547nam a22001577a 4500010001500000020003100015035001400046037001300060082001000073100001800083245008100101260004300182270010300225300002200328500003900350 aENG-126090 a978-93-88398-27-5c1495.00 aEN-109622 bDBAD/PUB a658.8 aVenkatesan,T. aEmerging Issues In Business And Management/cedited byT.Venkatesan...[et-al] aTamil NadubShanlax Publicationsc2019 a61,T.P.K. Main RoadbVasantha Nagar Maduraie625003k7639303383mpublisher@shanlaxpublications.com a293p.b2425cm(hb) aits include index and bibliography